Strategické myslenie manažérov za tajomstvami strategického myslenia

Guardado en:
Detalles Bibliográficos
Autor principal: Papula, Jozef
Otros Autores: Papulová, Zuzana
Formato: Libro
Lenguaje:eslovaco
Publicado: Bratislava KARTPRINT 2010
Materias:
Etiquetas: Agregar Etiqueta
Sin Etiquetas, Sea el primero en etiquetar este registro!

MARC

LEADER 00000nam$a2200000$$$4500
001 0116554
005 20230109114945.1
020 |a 978-80-88870-86-9 
041 0 |a slo 
044 |a SK 
245 1 0 |a Strategické myslenie manažérov  |b za tajomstvami strategického myslenia  |c Jozef Papula, Zuzana Papulová 
264 1 |a Bratislava  |b KARTPRINT  |c 2010 
300 |a 302 s. 
610 2 0 |a manažéri 
610 2 0 |a myslenie ekonomické 
610 2 0 |a správanie 
610 2 0 |a psychológia 
610 2 0 |a stratégia podniková 
100 1 |a Papula, Jozef 
700 1 |a Papulová, Zuzana